000 00651nas a2200217 4500
001 BR9101099
003 BR-BrBNA
005 20231205091945.0
007 ta
008 230509b bl.|||p| |||| 00| 00por d
040 _aBR-BrBNA
_bpor
_cBiblioteca Nacional de Agricultura
041 _a(Pt)
072 _aP30
100 1 _aMagalhaes, P.S.G.
245 1 _aManejo de solo e seus efeitos sobre a compactacao
650 _aMANEJO DO SOLO
650 _aCOMPACTACAO DO SOLO
773 0 _tLavoura Arrozeira (Brazil)
_xISSN 0023-9143
_g(Sep-Oct 1990), v. 43(392) p. 14-17
_wBR9101099
909 _a202311
_bLúcia
_c55
_dLúcia Elande
942 _2AGRIS
_n0
_cANA
999 _c128360
_d128360